Name The Dwarf Planets - Fast Typing - Statistics

General Stats
  • This quiz has been taken 61 times
  • The average score is 4 of 5
Answer Stats
Answer % Correct
Pluto
95%
Ceres
85%
Eris
77%
Makemake
69%
Haumea
62%
No matching quizzes found
Score Distribution
Percent of People with Each Score
Percentile by Number Answered
Your Score History
You have not taken this quiz